00000000nam##2200000za#4500
0019.577787
003CaOODSP
00520210624185758
007cr |||||||||||
008150406|2011||||xxc|||||o    f|0| 0 eng|d
022 |a1919-5044
040 |aCaOODSP|beng
043 |an-cn---
0861 |aFs70-5/2011-046E-PDF
1101 |aCanada. |bDepartment of Fisheries and Oceans.
24510|a2010 update on the status and progress on management goals for American Eel in Ontario / |h[electronic resource]|c[by] A. Mathers and T.C. Pratt.
260 |aSault Ste. Marie - Ontario : |bFisheries and Oceans Canada |cc2011.
300 |a24p.|bfigs., graphs, references, tables
4901 |aCanadian Science Advisory Secretariat research document|x1919-5044|v2011/046, Central and Arctic Region
546 |aText in English, abstracts in both languages.
590 |a13-25-Supp|b2013-10-28
830#0|aResearch document (Canadian Science Advisory Secretariat)|x1919-5044|v2011/046, Central and Arctic Region|w(CaOODSP)9.507396
85640|ahttp://publications.gc.ca|qPDF|s230 KB|uhttps://publications.gc.ca/collections/collection_2013/mpo-dfo/Fs70-5-2011-046-eng.pdf|y2011/046, Central and Arctic Region